Who Wants To Be A Millionaire - Statistics

General Stats
  • This quiz has been taken 4,193 times
  • The average score is 6 of 15
Answers on the Map
Answers color-coded by a green-red scale on the quiz's map according to % correct below.
 
Answer Stats
$ Answer % Correct
100 Africa
100%
200 Barbados
84%
300 Trumpet
76%
500 Iron Age
67%
1,000 Plumbers
64%
2,000 Kim
48%
4,000 Bram Stoker
43%
8,000 Tennis
35%
16,000 Bangladesh
25%
32,000 Cupid
9%
64,000 20
7%
125,000 Millisecond
6%
250,000 Leonardo
4%
500,000 1948
3%
1 Million Tegucigalpa
3%
No matching quizzes found
Score Distribution
Percent of People with Each Score
Percentile by Number Answered
Your Score History
You have not taken this quiz